000 00418cam a2200181ua 4500
020 _c2
041 _amal
_h
082 _a894.812 308
_bTEN/MA
100 _aTendryakov, V .
245 _aMarumakan /
_cV.Tendryakov.
_hTextual Documents
250 _a1 /
_b.
260 _a Ernamkulam :
_bC I C C Book House ,
_c1962.
300 _a180 ; .
365 _a2
504 _a
942 _cBK
999 _c3923
_d3923